000
00259nam a22001217a 4500
003
SGT
082
_a
617.96
_b
K14L
100
_a
LANGFORD,ROGER
245
_a
KEY CLINICAL TOPICS IN ANAESTHESIA
260
_a
LONDON
_b
JP
_c
2014
300
_a
338
942
_2
ddc
_c
BK
999
_c
14229
_d
14229